000
00304nam a2200133Ia 4500
100
_a
Bell / david A
942
_c
BK
654
_a
circuits
245
_a
Electronic device and circuits
260
_b
Prentice Hall of International
_a
Singapore
_c
1986
300
_a
756
546
_a
ENGLISH
999
_c
21230
_d
21230